00894cam a22002415a 45000010008000000080041000080200015000490200018000640400033000820820022001151000020001372450096001572600040002533000035002935040051003286500045003796500050004246530030004747000021005049420008005259990017005339520102005501198053980505t1998 maua frb 001 0 eng d a0201325829 a9780201325829 aDLCcDLCdDLCdEG-ScBUEbeng04222a005.2762bLAN1 aLange, Danny B.10aProgramming and deploying Java mobile agents with Aglets /cDanny B. Lange, Mitsuru Oshima. aReading :bAddison-Wesley,cc.1998. axxiv, 225 p. :bill. ;c24 cm. aIncludes bibliographical references and index. 7aMobile agents (Computer software)2BUEsh 7aJava (Computer program language)2BUEsh93407 bGGENbCOMSCIcJanuary20181 aOshima, Mitsuru. 2ddc c25856d25828 00102ddc4070aMAINbMAINcLOWd2018-01-04l0o005.2762 LANp000047087r2025-07-15 00:00:00yBB